Caracterización y tipificación forestal de ecosistemas en el municipio de Inírida y el corregimiento de Cacahual (Departmento de Guainía) (Registro nro. 6331)
[ vista simple ]
| 000 -CABECERA | |
|---|---|
| Campo de control | 01160nam a2200325 a 4500 |
| 005 - FECHA Y HORA DE LA ULTIMA TRANSACCION | |
| Campo de control | 20191224041831.0 |
| 008 - ELEMENTOS DE LONGITUD FIJA—INFORMACION GENERAL | |
| Campo de control | 141204b2007 ck ||||| |||| 00| 0 spa d |
| 020 ## - ISBN | |
| ISBN | 9789588317243 |
| 040 ## - FUENTE DE CATALOGACIÓN | |
| Agencia transcriptora | CO-BoIH |
| Agencia catalogadora original | CO-BoIAVH |
| 041 ## - IDIOMA | |
| Código de idioma para texto/pista de sonido o título separado | Español |
| 044 ## - PAÍS DE PUBLICACIÓN | |
| País de publicación | Colombia |
| 082 04 - NUMERO DE CLASIFICACION DECIMAL DEWEY | |
| Número de clasificación | 577.3012 |
| Número del ítem | C26c |
| 090 ## - CLASIFICACIÓN LOCAL | |
| Colección | LB |
| Consecutivo | 05290 |
| 100 ## - ASIENTO PRINCIPAL--NOMBRE PERSONAL | |
| Nombre personal | Cárdenas López, Dairon |
| 9 (RLIN) | 37359 |
| 245 ## - MENCION DE TITULO | |
| Título | Caracterización y tipificación forestal de ecosistemas en el municipio de Inírida y el corregimiento de Cacahual (Departmento de Guainía) |
| Parte restante del título | una zonificación forestal para la ordenación de los recursos |
| 260 ## - PUBLICACION, DISTRIBUCION, ETC. (PIE DE IMPRENTA) | |
| Lugar de publicación, distribución, etc. | Bogotá |
| Nombre del editor, distribuidor, etc. | Sinchi |
| -- | CDA |
| Fecha de publicación, distribución, etc. | 2007 |
| 300 ## - DESCRIPCION FISICA | |
| Extensión | 252 p. |
| 650 #6 - ASIENTO SECUNDARIO DE MATERIA - TERMINO TEMATICO | |
| Término temático o nombre geográfico como elemento de entrada | ordenamiento del territorio |
| 9 (RLIN) | 29831 |
| 650 #6 - ASIENTO SECUNDARIO DE MATERIA - TERMINO TEMATICO | |
| Término temático o nombre geográfico como elemento de entrada | Zonificación forestal |
| 9 (RLIN) | 21537 |
| 650 #6 - ASIENTO SECUNDARIO DE MATERIA - TERMINO TEMATICO | |
| Término temático o nombre geográfico como elemento de entrada | Uso del suelo |
| 9 (RLIN) | 3216 |
| 650 #6 - ASIENTO SECUNDARIO DE MATERIA - TERMINO TEMATICO | |
| Término temático o nombre geográfico como elemento de entrada | Recursos forestales |
| 9 (RLIN) | 37360 |
| 650 #6 - ASIENTO SECUNDARIO DE MATERIA - TERMINO TEMATICO | |
| Término temático o nombre geográfico como elemento de entrada | Ecosistemas |
| 9 (RLIN) | 92256 |
| 662 ## - ASIENTO SECUNDARIO DE MATERIA - JERARQUIA DEL NOMBRE DE LUGAR( | |
| País o entidad mayor | Colombia |
| Jurisdicción política de primer orden | Guainia |
| 700 1# - ASIENTO SECUNDARIO - NOMBRE PERSONAL | |
| Nombre personal | Barreto Silva, Juan Sebastián |
| 9 (RLIN) | 29833 |
| 700 1# - ASIENTO SECUNDARIO - NOMBRE PERSONAL | |
| Nombre personal | Arias García, Juan Carlos |
| 9 (RLIN) | 14825 |
| 700 1# - ASIENTO SECUNDARIO - NOMBRE PERSONAL | |
| Nombre personal | Murcia García, Uriel Gonzalo |
| 9 (RLIN) | 663 |
| 700 1# - ASIENTO SECUNDARIO - NOMBRE PERSONAL | |
| Nombre personal | Salazar Cardona, Carlos Ariel |
| 9 (RLIN) | 29834 |
| 700 1# - ASIENTO SECUNDARIO - NOMBRE PERSONAL | |
| Nombre personal | Méndez Quevedo, Orlando |
| 9 (RLIN) | 29835 |
| 942 ## - ELEMENTOS ADICIONALES (KOHA) | |
| Tipo de ítem | Libro |
| Sistema de clasificación | Dewey Decimal Classification |
| Withdrawn status | Lost status | Sistema de Clasificación | Damaged status | No para préstamo | Colección | Inventariado | Ubicación Permanente | Ubicación actual | Fecha de adquisición | Fuente de Valor | Valor | Total Checkouts | Número topográfico | Inventario / Código de Barras | Date last seen | Ejemplar | Price effective from | Forma de adquisición | Tipo de material |
|---|---|---|---|---|---|---|---|---|---|---|---|---|---|---|---|---|---|---|---|
| Dewey Decimal Classification | General | Inventariado 2017 | Bogotá | Bogotá | 31/07/2017 | Instituto | 39000.00 | LB-577.3012 C26c | 042496 | 31/07/2017 | Ej. 1 | 31/07/2017 | Donación | Libro | |||||
| Dewey Decimal Classification | General | Inventariado 2017 | Sala Fabio Quevedo | Sala Fabio Quevedo | 17/02/2015 | Instituto | 39000.00 | LB-577.3012 C26c | 038809 | 17/02/2015 | Ej. 3 | 17/02/2015 | Libro | ||||||
| Dewey Decimal Classification | General | Inventariado 2017 | Sala Fabio Quevedo | Sala Fabio Quevedo | 25/08/2015 | Instituto | 39000.00 | LB-577.3012 C26c | 038728 | 25/08/2015 | Ej. 4 | 25/08/2015 | Libro |